000 00405nam a22001097a 4500
008 150616t xxu||||| |||| 00| 0 eng d
100 _aAyesha Sajid-Sup-Dr. Aneela Javed
_9996
245 _aTH-Expression pattern of Myxovirus Resistance (Mx) Gene and Protein profiling in peripheral blood mononuclear cells upon interferon Alpha Stimulation
260 _aASAB, NUST ISLAMABAD
300 _a71
942 _2ddc
_cBK
999 _c17265
_d17265